000 00400nam a22001217a 4500
003 SGT
082 _a920
_bH15R
100 _aराय, महेंद्र नाथ
245 _aहिंदी विभाग की हि. वि. वि. की कुछ विशिस्ट विभूतिया
260 _bकला प्रकाशन
_c2015
300 _a156
942 _2ddc
_cBK
999 _c31996
_d31996